|
|
|
|
| LEADER |
01046nam a2200277 a 4500 |
| 001 |
000605322 |
| 003 |
CZ BrMZK |
| 005 |
20040324142331.0 |
| 007 |
ta |
| 008 |
020610s1976 xr f cze d |
| 015 |
|
|
|a cnb001126142
|
| 035 |
|
|
|a (OCoLC)6042376
|
| 040 |
|
|
|a BOA001
|b cze
|c BOA001
|
| 041 |
0 |
|
|a cze
|b rus
|
| 100 |
1 |
|
|a Hynková, Hana,
|d 1921-2004
|7 jk01043455
|4 aut
|
| 245 |
1 |
0 |
|a K vývoji a etnicitě místního názvosloví v Bulharsku :
|b rozbor a zhodnocení poznatků z evropských cestopisů 15. a 16. století, publikovaných tureckých archiválií a starých map /
|c Hana Hynková
|
| 260 |
|
|
|a Praha :
|b Ústav pro etnografii a folkloristiku AV ČR,
|c 1976
|
| 300 |
|
|
|a 266 s., 5 map
|
| 490 |
1 |
|
|a Národopisná knižnice ;
|v 3
|
| 500 |
|
|
|a Souhrn rusky
|
| 500 |
|
|
|a Souběžný titulní list německy
|
| 504 |
|
|
|a Obsahuje bibliografii
|
| 830 |
|
0 |
|a Národopisná knižnice
|0 s
|
| 910 |
|
|
|a BOA001
|b 2-0791.040
|
| 990 |
|
|
|a BK
|
| 996 |
6 |
|
|b 2619355770
|c 2-0791.040
|l MZK
|r Sklad / do 1 hodiny
|n 1
|w 000605322
|u 000010
|a 1
|e BOA001
|j MZK50
|s P
|